| 000 | 00663nam a2200241 a 4500 | ||
|---|---|---|---|
| 001 | BRCA_3561 | ||
| 005 | 20190320204332.0 | ||
| 008 | 040809s1947----fr-a---###---#000-0#fre-# | ||
| 041 | _afre | ||
| 044 | _afr | ||
| 050 | 4 |
_aNK2995 _b.J36 1947 |
|
| 100 | 1 |
_aJanneau, Charles Guillaume _99245 |
|
| 245 | 1 | 0 |
_aEvolution de la tapisserie _cpar Guillaume Janneau. |
| 260 |
_aParis _bCompagnie des Arts Photomecaniques _c1947 |
||
| 300 |
_a91 p. _bil., 64 láminas _c32 cm. |
||
| 500 | _aB229 | ||
| 650 | 1 | 4 |
_aTapices _91909 |
| 650 | 1 | 4 |
_aGobelinos _99246 |
| 650 | 1 | 4 |
_aTapices _xHistoria _95686 |
| 650 | 1 | 4 |
_aTapices europeos _99247 |
| 902 | _aGFM | ||
| 942 |
_2lcc _cB |
||
| 999 |
_c3296 _d3296 |
||